000 00251nam a2200109Ia 4500
008 190216s9999||||xx |||||||||||||| ||und||
100 _aSiva Sasthry T V
245 0 _aBsc Zoology Vol Iii
260 _bCommercial Pub
650 _aZoology
942 _cBK
999 _c37433
_d37433